ARRUPE JESUIT UNIVERSITY

CORONAVIRUS -STOP THE SPREAD - CLEAN,DISINFECT,COVER

The African worker in South Africa; (Record no. 121483)

MARC details
000 -LEADER
fixed length control field 00721cam a2200241u 4500
001 - CONTROL NUMBER
control field 6065882
003 - CONTROL NUMBER IDENTIFIER
control field ARRUPE
005 - DATE AND TIME OF LATEST TRANSACTION
control field 20141219161736.0
008 - FIXED-LENGTH DATA ELEMENTS--GENERAL INFORMATION
fixed length control field 801219s1956 enk 000 0 eng
010 ## - LIBRARY OF CONGRESS CONTROL NUMBER
LC control number 57022898
040 ## - CATALOGING SOURCE
Original cataloging agency DLC
Transcribing agency CarP
Modifying agency DLC
043 ## - GEOGRAPHIC AREA CODE
Geographic area code f-sa---
050 00 - LIBRARY OF CONGRESS CALL NUMBER
Classification number HD6867
Item number .H4
300 ## - PHYSICAL DESCRIPTION
Other physical details 22cm.
100 1# - MAIN ENTRY--PERSONAL NAME
Personal name Hepple, Alexander,
Dates associated with a name 1904-
9 (RLIN) 13356
245 14 - TITLE STATEMENT
Title The African worker in South Africa;
260 ## - PUBLICATION, DISTRIBUTION, ETC. (IMPRINT)
Place of publication, distribution, etc London,
Name of publisher, distributor, etc Africa Bureau
Date of publication, distribution, etc [1956]
300 ## - PHYSICAL DESCRIPTION
Extent 36p.
650 #0 - SUBJECT ADDED ENTRY--TOPICAL TERM
Topical term or geographic name as entry element Labor unions
Geographic subdivision South Africa.
9 (RLIN) 13357
650 #0 - SUBJECT ADDED ENTRY--TOPICAL TERM
Topical term or geographic name as entry element Indigenous peoples
Geographic subdivision South Africa.
9 (RLIN) 13358
650 #0 - SUBJECT ADDED ENTRY--TOPICAL TERM
Topical term or geographic name as entry element Labor laws and legislation
Geographic subdivision South Africa.
9 (RLIN) 13359
906 ## - LOCAL DATA ELEMENT F, LDF (RLIN)
a 0
b cbc
c premunv
d u
e ncip
f 19
g y-gencatlg
942 ## - ADDED ENTRY ELEMENTS (KOHA)
Source of classification or shelving scheme Library of Congress Classification
Koha item type SPC
Holdings
Withdrawn status Lost status Source of classification or shelving scheme Damaged status Not for loan Collection code Home library Current library Shelving location Date acquired Total Checkouts Full call number Barcode Date last seen Price effective from Koha item type
    Library of Congress Classification     SPECIAL Collection ARRUPE LIBRARY ARRUPE LIBRARY Main Collection 11/12/2014   SPC HD6867 .H4 46500003426 11/12/2014 11/12/2014 SPC

 

Arrupe Library. PO Box MP320 Mt Pleasant, Harare, Zimbabwe
263 242 745411|librarian@aju.ac.zw